[Event "Galicia-ch U14"]
[Site "Padron"]
[Date "2023.02.20"]
[Round "6"]
[White "Casares Pedride, Noel"]
[Black "Castineira Gonzalez, Angela"]
[Result "1-0"]
[WhiteElo "1390"]
[BlackElo "1324"]
[PlyCount "115"]
[EventDate "2023.02.18"]
[EventType "swiss"]
[EventRounds "8"]
[EventCountry "ESP"]
[SourceTitle "EXT 2024"]
[Source "ChessBase"]
[SourceDate "2023.10.10"]
[SourceVersion "1"]
[SourceVersionDate "2023.10.10"]
[SourceQuality "1"]

1. e4 e6 2. d3 d5 3. Nd2 Nf6 4. Ngf3 c5 5. g3 Nc6 6. Bg2 Be7 7. 0-0 0-0 8. Re1 b6 9. Nf1 Bb7 10. e5 Nd7 11. h4 h6 12. N1h2 Re8 13. Ng4 h5 14. Ngh2 g6 15. Ng5 Ncxe5 16. Bf4 Bf6 17. Bh3 d4 18. Ne4 Bxe4 19. Rxe4 Nc6 20. Bg2 Rc8 21. Qe2 e5 22. Bd2 Bg7 23. Qf3 f5 24. Re2 Nf6 25. Bg5 Qd6 26. Rae1 Kh7 27. Bxf6 Qxf6 28. Qd5 Red8 29. Qc4 Rc7 30. Nf3 Re7 31. Ng5+ Kh6 32. Bxc6 Qxc6 33. Nf7+ Rxf7 34. Qxf7 Rd7 35. Qe8 Rc7 36. Qxc6 Rxc6 37. f4 exf4 38. gxf4 Bf6 39. Re6 Rxe6 40. Rxe6 Bxh4 41. Kg2 Bd8 42. Kf3 b5 43. c3 dxc3 44. bxc3 Bb6 45. Rd6 h4 46. d4 b4 47. cxb4 cxd4 48. a4 d3 49. Rxd3 g5 50. Rd6+ Kh5 51. fxg5 Kxg5 52. Rxb6 axb6 53. a5 bxa5 54. bxa5 f4 55. a6 h3 56. a7 h2 57. Kg2 f3+ 58. Kxh2 1-0

[Event "Galicia-ch U14"]
[Site "Padron"]
[Date "2022.03.01"]
[Round "7"]
[White "Castineira Gonzalez, Angela"]
[Black "Lopez Diaz, Pablo"]
[Result "1/2-1/2"]
[WhiteElo "1170"]
[BlackElo "1425"]
[PlyCount "68"]
[EventDate "2022.02.26"]
[EventType "swiss"]
[EventRounds "8"]
[EventCountry "ESP"]
[SourceTitle "EXT 2023"]
[Source "ChessBase"]
[SourceDate "2022.10.05"]
[SourceVersion "1"]
[SourceVersionDate "2022.10.05"]
[SourceQuality "1"]

1. e4 c5 2. Nf3 d6 3. c3 Nf6 4. Bd3 Nc6 5. h3 e6 6. Bc2 Be7 7. d4 cxd4 8. cxd4 a6 9. 0-0 0-0 10. Nc3 b5 11. a3 Bb7 12. Ne2 Na5 13. Ng3 Nc4 14. b3 Nb6 15. Bd3 Rc8 16. Bb2 Qd7 17. Qd2 d5 18. Ne5 Qd6 19. Rfe1 dxe4 20. Nxe4 Nxe4 21. Bxe4 Bxe4 22. Rxe4 Nd5 23. Rc1 Rc7 24. Rxc7 Qxc7 25. Re1 Rc8 26. Rc1 Qb7 27. Rxc8+ Qxc8 28. Qd3 Bg5 29. Qf3 Qc7 30. g3 f6 31. Nd3 Qc2 32. b4 Nb6 33. Kf1 Qc4 34. Kg1 Qc2 1/2-1/2

[Event "ESP-ch U12"]
[Site "Salobrena"]
[Date "2020.07.30"]
[Round "6"]
[White "Martin Cabeza, Nicolas"]
[Black "Castineira Gonzalez, Angela"]
[Result "1-0"]
[WhiteElo "1367"]
[BlackElo "1212"]
[PlyCount "65"]
[EventDate "2020.07.27"]
[EventType "swiss"]
[EventRounds "9"]
[EventCountry "ESP"]
[SourceTitle "EXT 2021"]
[Source "ChessBase"]
[SourceDate "2020.10.23"]
[SourceVersion "1"]
[SourceVersionDate "2020.10.23"]
[SourceQuality "1"]

1. e4 e6 2. d4 d5 3. Nc3 Nf6 4. Bg5 Be7 5. e5 Nfd7 6. Bxe7 Qxe7 7. f4 c5 8. Nb5 Qd8 9. Nd6+ Kf8 10. Nf3 h6 11. Qd3 Kg8 12. c3 b6 13. f5 Nf8 14. g4 a6 15. h4 Nc6 16. Bh3 Na5 17. g5 c4 18. Qc2 Nb7 19. Nxc8 Rxc8 20. f6 g6 21. h5 Qe8 22. Bg4 hxg5 23. Nxg5 Nh7 24. hxg6 Nxg5 25. Rxh8+ Kxh8 26. Qh2+ Kg8 27. g7 Nh7 28. Bd1 Nd6 29. exd6 e5 30. dxe5 d4 31. cxd4 Qb5 32. Bc2 Qb4+ 33. Ke2 1-0

[Event "Padron Pre-Mundial U10"]
[Site "Padron"]
[Date "2018.09.05"]
[Round "4"]
[White "Juan Lepp, Jaime Boris"]
[Black "Castineira Gonzalez, Angela"]
[Result "0-1"]
[WhiteElo "1302"]
[BlackElo "1137"]
[PlyCount "48"]
[EventDate "2018.09.03"]
[EventType "swiss"]
[EventRounds "9"]
[EventCountry "ESP"]
[SourceTitle "EXT 2024"]
[Source "ChessBase"]
[SourceDate "2023.10.10"]
[SourceVersion "1"]
[SourceVersionDate "2023.10.10"]
[SourceQuality "1"]

1. e4 e6 2. d4 d5 3. exd5 exd5 4. c4 c6 5. Nc3 Nf6 6. Nf3 Bf5 7. Be2 Be7 8. 0-0 0-0 9. Bf4 Nbd7 10. Ne5 Nb6 11. Qd2 Ne4 12. Nxe4 Bxe4 13. c5 Nc8 14. b4 f6 15. Nf3 Qe8 16. a4 b5 17. axb5 cxb5 18. Ra5 a6 19. Bxb5 Qg6 20. Be2 Bd8 21. Ra3 Ne7 22. Bg3 Nf5 23. Nh4 Nxh4 24. Bxh4 Qxg2# 0-1